| 000 | 01390cab a2200241 4500 | ||
|---|---|---|---|
| 001 | ABS55232 | ||
| 008 | 090401t1996 xxu||||| |||| 00| 0 eng d | ||
| 035 | _a(Sirsi) u14993 | ||
| 041 | _aeng | ||
| 245 | _aBurroughs Day v Bristol City Council | ||
| 260 | _c1996 | ||
| 350 | _a0 | ||
| 490 |
_aEstates Gazette _v(9621) 11 May 1996, 126-137(7) |
||
| 520 | _aQBD 18 January 1996. The council (B) had refused to grant listed building consent for alterations to a listed building to accommodate a lift shaft within a roof valley. An appeal by BD was dismissed by the SoS, noting that the special interest of the building would be reduced by the loss of r the original characteristic valley gutter shape of the roof. BD were concerned to establish a claim for compensation for refusal of listed building consent under Planning (Listed Buildings and Conservation Areas) Act 1990 and sought a declaration that works for which consent had been sought did not constitute development within TCPA 1990 s55. Declaration granted. The works did not amount to development within the meaning of the 1990 Act s55(2)(a)(ii). | ||
| 650 | _aCOMPENSATION | ||
| 650 | _aLISTED BUILDING CONSENT | ||
| 650 | _aPLANNING PERMISSION | ||
| 650 | _aREFUSAL | ||
| 650 | _aTOWN AND COUNTRY PLANNING ACT 1990 S55(2)(A)(II) | ||
| 690 | _aPLANNING LAW AND PRACTICE-CASE LAW | ||
| 942 | _n0 | ||
| 948 | _c04/03/1997 | ||
| 999 |
_c9791 _d9791 |
||